| 000 | 00000nam##2200000za#4500 |
| 001 | 9.623415 |
| 003 | CaOODSP |
| 005 | 20240212134142 |
| 007 | ta |
| 008 | 150406|1995||||xxc||||| f|0| 0 fre|d |
| 020 | |a0-662-80398-1 |
| 022 | |a1713-0646 |
| 040 | |aCaOODSP|bfre |
| 043 | |an-cn--- |
| 086 | 1 |aNE22-1/1995-7F |
| 110 | 1 |aCanada. |bOffice national de l'énergie. |
| 245 | 10|aBrooklyn Navy Yard Cogeneration Partners, L.P.; Renaissance Energy Ltd. : |bdemandes de licences d'exportation de gaz naturel présentées en vertu de la partie VI de la Loi sur l'Office national de l'énergie |
| 260 | |aCalgary - Alberta : |bOffice national de l'énergie |cJuillet 1995. |
| 300 | |avii, 39p. : |bgraphiques, tableaux ; |c28 cm. |
| 490 | 1 |aMotifs de décision|x1713-0646 |
| 563 | |aCouverture souple |
| 590 | |a95-33|b1995-08-18 |
| 775 | 08|tBrooklyn Navy Yard Cogeneration Partners, L.P.; Renaissance Energy Ltd. : |w(CaOODSP)9.612414 |
| 830 | #0|aMotifs de décision (Canada. Office national de l'énergie)|x1713-0646|w(CaOODSP)9.513162 |
| 986 | |aGH-1-95 |